000 00347nam a2200157Ia 4500
003 OSt
005 20240208122216.0
008 170524s9999 xx 000 0 und d
020 _a0199580545
040 _ciimtu meerut
100 _aMANKIN DAVID
100 _c2012
245 0 _aHUMAN RESOURCE DEVELOPMENT
260 _aOXFORD
942 _2ddc
_c02
999 _c2754
_d2754